Statistics for 地下鉄の通っている自治体

Click here to take the quiz!

General Stats

  • This quiz has been taken 314 times
    (313 since last reset)
  • The average score is 35 of 42

Answer Stats

Answer% Correct
札幌市
99%
仙台市
98%
新宿区
97%
福岡市
97%
名古屋市
96%
大阪市
96%
港区
94%
北区
94%
横浜市
94%
京都市
94%
品川区
94%
渋谷区
93%
江東区
93%
千代田区
92%
中央区
92%
江戸川区
92%
豊島区
91%
台東区
90%
目黒区
89%
練馬区
89%
神戸市
88%
足立区
88%
堺市
87%
杉並区
87%
中野区
87%
大田区
87%
板橋区
86%
墨田区
85%
文京区
85%
船橋市
81%
荒川区
80%
市川市
79%
東大阪市
76%
浦安市
73%
吹田市
73%
和光市
65%
宇治市
63%
八尾市
62%
門真市
61%
守口市
60%
藤沢市
60%
日進市
43%

Score Distribution

Percentile by Number Answered

Percent of People with Each Score

Your Score History

You have not taken this quiz since the last reset